Clinical and experimental dermatology: CED : the educational journal of the British Association of Dermatologists
Saved in:
| Format: | Edited Volume Journal |
|---|---|
| Language: | English |
| Published: |
Kettering Cary, NC Tokyo
Oxford University Press
1976-
Oxford [u.a.] Blackwell Science früher Oxford [u.a.] Blackwell -2008 Oxford [u.a.] Wiley-Blackwell -2022 |
| Volumes / Articles: | Show Volumes / Articles. |
| ISSN: | 1365-2230 0307-6938 |
| DOI: | 10.1111/(ISSN)1365-2230 |
| Subjects: | |
| Online Access: | Resolving-System: https://doi.org/10.1111/(ISSN)1365-2230 Verlag; 1 (1976)-47 (2022): https://onlinelibrary.wiley.com/journal/13652230 Verlag; 1.1976 - 30.2005, Deutschlandweit zugänglich: https://onlinelibrary.wiley.com/journal/13652230 Verlag: https://academic.oup.com/ced Frontdoor-Url: https://ezb.ur.de/?2004506-2 |
MARC
| LEADER | 00000cas a2200000 c 4500 | ||
|---|---|---|---|
| 001 | 320437280 | ||
| 003 | DE-627 | ||
| 005 | 20251108165303.0 | ||
| 007 | cr ||||||||||| | ||
| 008 | 001013c19769999xxkz| p|o 0 |0eng c | ||
| 016 | 7 | |a 020127146 |2 DE-101 | |
| 016 | 7 | |a 2004506-2 |2 DE-600 | |
| 022 | |a 1365-2230 | ||
| 024 | 7 | |a 10.1111/(ISSN)1365-2230 |2 doi | |
| 030 | |a CEDED | ||
| 035 | |a (DE-627)320437280 | ||
| 035 | |a (DE-576)091140323 | ||
| 035 | |a (DE-599)ZDB2004506-2 | ||
| 035 | |a (OCoLC)1368087956 | ||
| 040 | |a DE-627 |b ger |c DE-627 |e rakwb | ||
| 041 | |a eng | ||
| 044 | |c XA-GB |c XD-US |c XB-JP | ||
| 082 | 0 | 4 | |a 610 |q DE-600 |
| 084 | |a 44.93 |2 bkl | ||
| 210 | 1 | 0 | |a Clin. Exp. Dermatol. |
| 245 | 0 | 0 | |a Clinical and experimental dermatology |b CED : the educational journal of the British Association of Dermatologists |
| 246 | 1 | |i Titelzusatz früher |a the journal of the St. John's Hospital Dermatological Society | |
| 246 | 3 | 3 | |a CED |
| 264 | 3 | 1 | |a Kettering |a Cary, NC |a Tokyo |b Oxford University Press |c 1976- |
| 264 | 2 | 1 | |a Oxford [u.a.] |b Blackwell Science |c früher |
| 264 | 2 | 1 | |a Oxford [u.a.] |b Blackwell |c -2008 |
| 264 | 2 | 1 | |a Oxford [u.a.] |b Wiley-Blackwell |c -2022 |
| 300 | |a Online-Ressource | ||
| 336 | |a Text |b txt |2 rdacontent | ||
| 337 | |a Computermedien |b c |2 rdamedia | ||
| 338 | |a Online-Ressource |b cr |2 rdacarrier | ||
| 362 | 0 | |a 1.1976 - | |
| 363 | 0 | 1 | |a 1 |i 1976 |
| 500 | |a Gesehen am 20.01.23 | ||
| 655 | 7 | |a Zeitschrift |0 (DE-588)4067488-5 |0 (DE-627)10454466X |0 (DE-576)20917000X |2 gnd-content | |
| 689 | 0 | 0 | |d s |0 (DE-588)4135648-2 |0 (DE-627)105663514 |0 (DE-576)209662530 |a Dermatologie |2 gnd |
| 689 | 0 | 1 | |d s |0 (DE-588)4067488-5 |0 (DE-627)10454466X |0 (DE-576)20917000X |a Zeitschrift |2 gnd |
| 689 | 0 | 2 | |d s |0 (DE-588)4511937-5 |0 (DE-627)248012134 |0 (DE-576)213199033 |a Online-Ressource |2 gnd |
| 689 | 0 | |5 DE-101 | |
| 689 | 1 | 0 | |d s |0 (DE-588)4023852-0 |0 (DE-627)106301586 |0 (DE-576)208951636 |a Hautkrankheit |2 gnd |
| 689 | 1 | 1 | |d s |0 (DE-588)4067488-5 |0 (DE-627)10454466X |0 (DE-576)20917000X |a Zeitschrift |2 gnd |
| 689 | 1 | 2 | |d s |0 (DE-588)4511937-5 |0 (DE-627)248012134 |0 (DE-576)213199033 |a Online-Ressource |2 gnd |
| 689 | 1 | |5 DE-101 | |
| 776 | 1 | |x 0307-6938 | |
| 776 | 0 | 8 | |i Erscheint auch als |n Druck-Ausgabe |t Clinical and experimental dermatology |d Oxford : Wiley-Blackwell, 1976 |w (DE-627)166458139 |w (DE-600)195504-4 |w (DE-576)014812495 |x 0307-6938 |
| 856 | 4 | 0 | |u https://doi.org/10.1111/(ISSN)1365-2230 |x Resolving-System |
| 856 | 4 | 0 | |u https://onlinelibrary.wiley.com/journal/13652230 |x Verlag; 1 (1976)-47 (2022) |
| 856 | 4 | 0 | |u https://onlinelibrary.wiley.com/journal/13652230 |x Verlag; 1.1976 - 30.2005 |z Deutschlandweit zugänglich |
| 856 | 4 | 0 | |u https://academic.oup.com/ced |x Verlag |
| 856 | 4 | 0 | |u https://ezb.ur.de/?2004506-2 |x Frontdoor-Url |
| 912 | |a ZDB-1-DJB | ||
| 912 | |a ZDB-296-DEAL5 | ||
| 936 | b | k | |a 44.93 |j Dermatologie |0 (DE-627)106410040 |
| 938 | 1 | 0 | |0 (DE-627)1756196389 |0 (DE-615)6602146 |a Zeitschrift |2 fivt |
| 951 | |a JT | ||
| 990 | |a Online-Ressource | ||
| 990 | |a Zeitschrift | ||
| 990 | |a Hautkrankheit | ||
| 990 | |a Online-Ressource | ||
| 990 | |a Zeitschrift | ||
| 990 | |a Dermatologie | ||
| SPR | |a Y | ||
| JSO | |a {"titleAlt":[{"title":"the journal of the St. John's Hospital Dermatological Society"},{"title":"CED"}],"pubHistory":["1.1976 -"],"language":["eng"],"recId":"320437280","physDesc":[{"extent":"Online-Ressource"}],"note":["Gesehen am 20.01.23"],"type":{"media":"Online-Ressource","bibl":"periodical"},"id":{"issn":["1365-2230"],"zdb":["2004506-2"],"eki":["320437280"],"doi":["10.1111/(ISSN)1365-2230"]},"origin":[{"publisherPlace":"Kettering ; Cary, NC ; Tokyo ; Oxford [u.a.] ; Oxford [u.a.] ; Oxford [u.a.]","dateIssuedKey":"1976","publisher":"Oxford University Press ; Blackwell Science ; Blackwell ; Wiley-Blackwell","dateIssuedDisp":"1976-"}],"title":[{"title_sort":"Clinical and experimental dermatology","title":"Clinical and experimental dermatology","subtitle":"CED : the educational journal of the British Association of Dermatologists"}]} | ||
| SRT | |a CLINICALAN1976 | ||